[Event "COL-chT Liga Quintal"]
[Site "Barranquilla"]
[Date "2019.03.25"]
[Round "2.1"]
[White "Esquivia Cuadrado, Franklin Javier"]
[Black "Escobar Consuegra, Carolay"]
[Result "1-0"]
[WhiteElo "2082"]
[BlackElo "1281"]
[PlyCount "55"]
[EventDate "2019.03.17"]
[EventType "team-tourn"]
[EventRounds "7"]
[EventCountry "COL"]
[SourceTitle "EXT 2024"]
[Source "ChessBase"]
[SourceDate "2023.10.10"]
[SourceVersion "1"]
[SourceVersionDate "2023.10.10"]
[SourceQuality "1"]
[WhiteTeam "Petrossian A"]
[BlackTeam "Americana Uni"]
[WhiteTeamCountry "COL"]
[BlackTeamCountry "COL"]

1. d4 d5 2. Bf4 Nf6 3. e3 e6 4. Nf3 c5 5. c3 Nc6 6. Nbd2 Be7 7. Bd3 0-0 8. g4 Nxg4 9. h3 Nf6 10. Rg1 g6 11. h4 Nh5 12. Bh6 Re8 13. Ne5 Ng7 14. h5 Bf6 15. Nxf7 Kxf7 16. hxg6+ hxg6 17. Bxg6+ Kf8 18. Qf3 Ke7 19. Bxg7 Bxg7 20. Bxe8 Qxe8 21. Rxg7+ Kd8 22. Qf6+ Ne7 23. 0-0-0 Bd7 24. Rh1 b6 25. Rh8 Qxh8 26. Qxe7+ Kc8 27. Qxd7+ Kb8 28. Qc7# 1-0

[Event "COL-ch Amateur U2300"]
[Site "Bogota"]
[Date "2017.03.05"]
[Round "7"]
[White "Univio Sanchez, German"]
[Black "Esquivia Cuadrado, Franklin Javier"]
[Result "1-0"]
[WhiteElo "1998"]
[BlackElo "2104"]
[PlyCount "83"]
[EventDate "2017.03.02"]
[EventType "swiss"]
[EventRounds "7"]
[EventCountry "COL"]
[SourceTitle "CBM 177 Extra"]
[Source "ChessBase"]
[SourceDate "2017.04.27"]
[SourceVersion "1"]
[SourceVersionDate "2017.04.27"]
[SourceQuality "1"]

1. e4 e6 2. d4 d5 3. Nd2 Nf6 4. e5 Nfd7 5. Bd3 c5 6. c3 b6 7. f4 Ba6 8. Bc2 Nc6 9. Ndf3 Rc8 10. Be3 cxd4 11. Bxd4 f5 12. Ne2 Nc5 13. 0-0 Ne4 14. Re1 Be7 15. Rc1 0-0 16. Bd3 Bxd3 17. Qxd3 Qd7 18. g3 h6 19. h4 g6 20. Kg2 Rf7 21. Rh1 Rg7 22. Be3 g5 23. hxg5 hxg5 24. Rh6 Kf7 25. Rch1 Rcg8 26. R1h5 gxf4 27. Bxf4 Ke8 28. a3 Bf8 29. c4 dxc4 30. Qxc4 Rg6 31. Rh7 R6g7 32. Rxg7 Rxg7 33. Rh8 Kf7 34. Bh6 Rg8 35. Rh7+ Bg7 36. Nf4 Nd8 37. Nd4 Qb7 38. Kh2 Nf2 39. Kg1 Ng4 40. Ndxe6 Ke7 41. Nxd8 Qd7 42. Ng6+ 1-0

[Event "COL-ch Amateur U2300"]
[Site "Bogota"]
[Date "2017.03.04"]
[Round "4"]
[White "Esquivia Cuadrado, Franklin Javier"]
[Black "Olarte Parra, Jhoan Sebastian"]
[Result "1-0"]
[WhiteElo "2104"]
[BlackElo "1980"]
[PlyCount "91"]
[EventDate "2017.03.02"]
[EventType "swiss"]
[EventRounds "7"]
[EventCountry "COL"]
[SourceTitle "CBM 177 Extra"]
[Source "ChessBase"]
[SourceDate "2017.04.27"]
[SourceVersion "1"]
[SourceVersionDate "2017.04.27"]
[SourceQuality "1"]

1. d4 Nf6 2. Nf3 g6 3. Bf4 Bg7 4. Nbd2 d6 5. e4 0-0 6. h3 Nbd7 7. Be2 Re8 8. 0-0 e5 9. dxe5 Nxe5 10. Nxe5 dxe5 11. Be3 Bd7 12. c3 Bc6 13. Qc2 Qe7 14. b4 b6 15. a4 Rad8 16. a5 Rd7 17. b5 Ba8 18. Ra4 Red8 19. Rfa1 Bb7 20. Bf3 h6 21. Nf1 Qe8 22. Ng3 Bf8 23. h4 Rd3 24. axb6 axb6 25. Ra7 Rxe3 26. fxe3 Rb8 27. Qd3 h5 28. Rf1 Bd6 29. Bd1 Qe6 30. Rf3 Bc8 31. Nf1 Qe7 32. Bb3 Bg4 33. Rf2 Rf8 34. Nh2 Nd7 35. Qf1 Be6 36. Bxe6 Qxe6 37. Nf3 f6 38. Nd2 Qg4 39. Qc4+ Rf7 40. Nf3 Kg7 41. Ng5 Re7 42. Ra8 fxg5 43. Rg8+ Kh6 44. Rh8+ Rh7 45. Qg8 Qd1+ 46. Kh2 1-0

[Event "COL-ch Amateur U2300"]
[Site "Bogota"]
[Date "2017.03.03"]
[Round "3"]
[White "Bejarano, Danny Andres"]
[Black "Esquivia Cuadrado, Franklin Javier"]
[Result "1-0"]
[WhiteElo "2031"]
[BlackElo "2104"]
[PlyCount "97"]
[EventDate "2017.03.02"]
[EventType "swiss"]
[EventRounds "7"]
[EventCountry "COL"]
[SourceTitle "CBM 177 Extra"]
[Source "ChessBase"]
[SourceDate "2017.04.27"]
[SourceVersion "1"]
[SourceVersionDate "2017.04.27"]
[SourceQuality "1"]

1. e4 e6 2. d4 d5 3. Nd2 Nf6 4. e5 Nfd7 5. Bd3 c5 6. c3 b6 7. Ne2 Ba6 8. Bxa6 Nxa6 9. f4 Nc7 10. 0-0 f5 11. Nf3 b5 12. a4 a6 13. Be3 c4 14. Qe1 Nb6 15. axb5 axb5 16. Rxa8 Qxa8 17. Qh4 Be7 18. Qh5+ Kd7 19. g4 g6 20. Qh3 Na4 21. Bc1 fxg4 22. Qxg4 Qf8 23. Ng3 h5 24. Qh3 h4 25. Ne2 Qf5 26. Qxf5 gxf5 27. Kf2 b4 28. Rg1 bxc3 29. bxc3 Nb5 30. Bd2 Nb2 31. Rg6 Nd3+ 32. Kg2 Ra8 33. Kh3 Nf2+ 34. Kg2 Ne4 35. Be1 Ra2 36. Kf1 h3 37. Ng5 Bxg5 38. fxg5 Na3 39. Nf4 Rxh2 40. Rg7+ Kc6 41. g6 Nc2 42. Kg1 Re2 43. Nxe2 Nxe1 44. Rh7 Nf3+ 45. Kf1 Nfd2+ 46. Ke1 Nf3+ 47. Kd1 Nf2+ 48. Kc2 Ng5 49. Rxh3 1-0

[Event "Atlantico Region-ch Amateur"]
[Site "Baranoa"]
[Date "2017.02.11"]
[Round "2.2"]
[White "Esquivia Cuadrado, Franklin Javier"]
[Black "De la Asuncion Ortiz, Hansel de Jesus"]
[Result "1-0"]
[WhiteElo "2104"]
[BlackElo "1690"]
[PlyCount "99"]
[EventDate "2017.02.11"]
[EventType "swiss"]
[EventRounds "5"]
[EventCountry "COL"]
[SourceTitle "EXT 2024"]
[Source "ChessBase"]
[SourceDate "2023.10.10"]
[SourceVersion "1"]
[SourceVersionDate "2023.10.10"]
[SourceQuality "1"]

1. d4 d5 2. Bf4 Nf6 3. e3 e6 4. Nf3 Nbd7 5. Bd3 c5 6. c3 b6 7. Ne5 Nxe5 8. dxe5 Nd7 9. Qg4 Bb7 10. Nd2 Qc7 11. 0-0-0 c4 12. Bc2 0-0-0 13. Qg3 h6 14. h4 b5 15. e4 Qa5 16. Kb1 Nb6 17. Be3 b4 18. exd5 Bxd5 19. Bd4 Na4 20. Bxa4 Qxa4 21. cxb4 Bxb4 22. Bc3 a5 23. Rc1 Rd7 24. Bxb4 Qxb4 25. Rc3 Rb7 26. Rc2 Kb8 27. Qc3 Rc8 28. Rhc1 h5 29. f3 g6 30. Nf1 Rbc7 31. Ne3 Qe7 32. Qd4 Qc5 33. Rd1 Qxd4 34. Rxd4 Rc5 35. Kc1 Ka7 36. Kd2 Ka6 37. Kc3 Kb5 38. Rcd2 Bb7 39. Rd7 R8c7 40. Rxc7 Rxc7 41. Rd4 Rc5 42. Nxc4 Bd5 43. b3 Bxc4 44. bxc4+ Kc6 45. Rd6+ Kc7 46. Kd4 Rc6 47. c5 Kb7 48. Rxc6 Kxc6 49. Kc4 a4 50. a3 1-0

[Event "COL sub zt 2.3.4"]
[Site "La Dorada"]
[Date "2016.11.03"]
[Round "2"]
[White "Esquivia Cuadrado, Franklin Javier"]
[Black "Hernandez Pinzon, Helvert"]
[Result "1-0"]
[WhiteElo "2081"]
[BlackElo "1989"]
[PlyCount "87"]
[EventDate "2016.11.02"]
[EventType "swiss"]
[EventRounds "9"]
[EventCountry "COL"]
[SourceTitle "CBM 175 Extra"]
[Source "ChessBase"]
[SourceDate "2016.12.12"]
[SourceVersion "1"]
[SourceVersionDate "2016.12.12"]
[SourceQuality "1"]

1. Nf3 Nf6 2. d4 g6 3. Bf4 Bg7 4. Nbd2 d5 5. e3 Nbd7 6. h3 c5 7. c3 0-0 8. Bd3 Re8 9. Bh2 c4 10. Bc2 b5 11. a4 Qb6 12. 0-0 b4 13. e4 Nxe4 14. Nxe4 dxe4 15. Bxe4 Bb7 16. a5 Qb5 17. Bxb7 Qxb7 18. Qa4 e5 19. a6 Qd5 20. Nxe5 Nxe5 21. dxe5 bxc3 22. Rad1 Qc5 23. bxc3 Bxe5 24. Bxe5 Rxe5 25. Rfe1 Rxe1+ 26. Rxe1 Rd8 27. Re8+ Rxe8 28. Qxe8+ Kg7 29. Qe4 h5 30. Kf1 f5 31. Qb7+ Kh6 32. Qb4 Qd5 33. Qf8+ Kh7 34. Qe7+ Kg8 35. Qe8+ Kg7 36. Qe7+ Kg8 37. Kg1 Qf7 38. Qb7 Kg7 39. f4 Kf6 40. Kf2 Qe8 41. Qxa7 Qa4 42. Qb6+ Kf7 43. Qb7+ Kf6 44. a7 1-0

[Event "Bogota Millonario op"]
[Site "Bogota"]
[Date "2015.12.19"]
[Round "4"]
[White "Esquivia Cuadrado, Franklin Javier"]
[Black "Principe, Alexander"]
[Result "1-0"]
[WhiteElo "2006"]
[BlackElo "2341"]
[PlyCount "101"]
[EventDate "2015.12.18"]
[EventType "swiss"]
[EventRounds "9"]
[EventCountry "COL"]
[SourceTitle "EXT 2017"]
[Source "ChessBase"]
[SourceDate "2016.10.25"]
[SourceVersion "1"]
[SourceVersionDate "2016.10.25"]
[SourceQuality "1"]

1. Nf3 Nf6 2. g3 g6 3. Bg2 Bg7 4. c4 0-0 5. Nc3 d6 6. 0-0 Nc6 7. d3 e5 8. Bg5 h6 9. Bxf6 Bxf6 10. Rb1 a5 11. a3 Nd4 12. e3 Ne6 13. b4 axb4 14. axb4 Bg7 15. Nd2 f5 16. Nb3 e4 17. Qc2 Ng5 18. dxe4 Bxc3 19. Qxc3 fxe4 20. Nd2 Nh3+ 21. Kh1 Nxf2+ 22. Kg1 Nh3+ 23. Kh1 Bf5 24. Rxf5 Rxf5 25. Bxh3 Re5 26. Qd4 Qe7 27. Bg2 c5 28. bxc5 dxc5 29. Qb2 Rf8 30. Kg1 Rf7 31. Qc2 Qg5 32. Re1 Kg7 33. Nxe4 Qe7 34. Qc3 Kh7 35. Nd2 Rf6 36. Nf1 Qd6 37. Rb1 Re7 38. Rxb7 Rxb7 39. Bxb7 h5 40. Bg2 Qe7 41. e4 Rd6 42. Nd2 h4 43. Qe3 hxg3 44. hxg3 Re6 45. Nf3 Rd6 46. Bf1 Rd1 47. e5 Kg7 48. e6 Qd6 49. Kg2 Qe7 50. Qe5+ Qf6 51. e7 1-0

[Event "COL-ch U26"]
[Site "Cali"]
[Date "2014.10.21"]
[Round "5"]
[White "Palomares Valencia, Daniel Felipe"]
[Black "Esquivia Cuadrado, Franklin Javier"]
[Result "0-1"]
[WhiteElo "1772"]
[BlackElo "2000"]
[PlyCount "58"]
[EventDate "2014.10.19"]
[EventType "swiss"]
[EventRounds "6"]
[EventCountry "COL"]
[SourceTitle "EXT 2015"]
[Source "ChessBase"]
[SourceDate "2014.11.20"]
[SourceVersion "1"]
[SourceVersionDate "2014.11.20"]
[SourceQuality "1"]

1. e4 e6 2. d4 d5 3. Nc3 Bb4 4. e5 c5 5. a3 Bxc3+ 6. bxc3 Ne7 7. Qg4 cxd4 8. cxd4 Qc7 9. Bd2 Qxc2 10. Rc1 Qg6 11. Qh4 Nbc6 12. Nf3 h6 13. Bb5 Qe4+ 14. Qxe4 dxe4 15. Ng1 Bd7 16. Ne2 a6 17. Ba4 Nf5 18. Be3 Nce7 19. Bxd7+ Kxd7 20. Bd2 Nc6 21. Bc3 e3 22. 0-0 exf2+ 23. Rxf2 h5 24. Nf4 Nce7 25. Nd3 b6 26. Nf4 g5 27. Ne2 Rac8 28. d5 Nxd5 29. Rxf5 Nxc3 0-1

[Event "Costa Atlantica Univ Magdalena"]
[Site "Santa Marta"]
[Date "2013.09.02"]
[Round "2.8"]
[White "Esquivia Cuadrado, Franklin Javier"]
[Black "Serrano Florez, Carlos David"]
[Result "1-0"]
[WhiteElo "2000"]
[BlackElo "1629"]
[PlyCount "35"]
[EventDate "2013.09.02"]
[EventType "swiss"]
[EventRounds "6"]
[EventCountry "COL"]
[SourceTitle "EXT 2024"]
[Source "ChessBase"]
[SourceDate "2023.10.10"]
[SourceVersion "1"]
[SourceVersionDate "2023.10.10"]
[SourceQuality "1"]

1. d4 Nf6 2. Nc3 d5 3. Bg5 e6 4. e4 Be7 5. e5 Nfd7 6. h4 Bxg5 7. hxg5 Qxg5 8. Nh3 Qe7 9. Nf4 Nb6 10. Qg4 g6 11. 0-0-0 Bd7 12. Rh6 Nc6 13. Qh3 0-0-0 14. Rxh7 Rxh7 15. Qxh7 g5 16. Nh3 g4 17. Nf4 f5 18. Qh6 1-0

[Event "Costa Atlantica Univ Magdalena"]
[Site "Santa Marta"]
[Date "2013.09.02"]
[Round "1.8"]
[White "Sierra Avilez, Carlos Alberto"]
[Black "Esquivia Cuadrado, Franklin Javier"]
[Result "0-1"]
[WhiteElo "1547"]
[BlackElo "2000"]
[PlyCount "69"]
[EventDate "2013.09.02"]
[EventType "swiss"]
[EventRounds "6"]
[EventCountry "COL"]
[SourceTitle "EXT 2024"]
[Source "ChessBase"]
[SourceDate "2023.10.10"]
[SourceVersion "1"]
[SourceVersionDate "2023.10.10"]
[SourceQuality "1"]

1. d4 Nf6 2. c4 c5 3. e3 g6 4. Nc3 Bg7 5. Nf3 0-0 6. Bd3 cxd4 7. Nxd4 b6 8. 0-0 Bb7 9. b3 d6 10. Bb2 Nbd7 11. e4 Nc5 12. Re1 e6 13. Rb1 Rc8 14. Qc2 d5 15. exd5 exd5 16. Rbd1 Nxd3 17. Qxd3 dxc4 18. bxc4 Nh5 19. Nce2 Qc7 20. Rc1 Rfd8 21. Qb3 Nf4 22. Nxf4 Qxf4 23. Ne2 Qg5 24. Ng3 Bxb2 25. Qxb2 Qf4 26. Qb3 Rd2 27. f3 Qd4+ 28. Kh1 Qf2 29. Rg1 Re8 30. Ne4 Bxe4 31. fxe4 Rxa2 32. Rcf1 Qc2 33. Qb5 Qxe4 34. Qd7 Qe6 35. Qxe8+ 0-1

[Event "Pamplona IRT blitz op"]
[Site "Pamplona"]
[Date "2012.11.04"]
[Round "18.15"]
[White "Esquivia Cuadrado, Franklin Javier"]
[Black "Valderrama Espinosa, Gilberto"]
[Result "1-0"]
[WhiteElo "2000"]
[BlackElo "2232"]
[PlyCount "105"]
[EventDate "2012.11.04"]
[EventType "swiss (blitz)"]
[EventRounds "18"]
[EventCountry "COL"]
[SourceTitle "EXT 2024"]
[Source "ChessBase"]
[SourceDate "2023.10.10"]
[SourceVersion "1"]
[SourceVersionDate "2023.10.10"]
[SourceQuality "1"]

1. d4 Nf6 2. Nc3 c5 3. Nf3 cxd4 4. Nxd4 Nc6 5. g3 e5 6. Nxc6 bxc6 7. Bg2 d5 8. 0-0 Bd6 9. e4 d4 10. Ne2 0-0 11. c3 c5 12. Bg5 h6 13. Bxf6 Qxf6 14. Nc1 Rb8 15. b3 Rd8 16. c4 Bc7 17. Nd3 Bd6 18. Kh1 Qg6 19. Qe2 Re8 20. f4 Bg4 21. Qf2 f6 22. f5 Qh5 23. Qd2 Bh3 24. Rae1 Bxg2+ 25. Kxg2 Bf8 26. Qa5 Rec8 27. Rf2 Qf7 28. g4 Qb7 29. Kf3 Qb6 30. Qa3 Rc6 31. h4 Qb7 32. g5 hxg5 33. hxg5 fxg5 34. Qc1 Qe7 35. Rg2 Rh6 36. Nf2 a5 37. Reg1 Rh5 38. Rxg5 Rxg5 39. Rxg5 a4 40. bxa4 Rb4 41. Ng4 Rxa4 42. f6 Qa7 43. fxg7 Ra3+ 44. Kg2 Rxa2+ 45. Kh3 Bxg7 46. Qf1 Ra3+ 47. Kh4 Qe7 48. Kh5 Qe8+ 49. Kh4 Qe7 50. Qf5 d3 51. Nf6+ Kf8 52. Nd5+ Qf7 53. Qc8+ 1-0

[Event "COL-ch U18"]
[Site "Yopal"]
[Date "2012.06.17"]
[Round "9"]
[White "Esquivia Cuadrado, Franklin Javier"]
[Black "Jaramillo Ochoa, Mateo"]
[Result "0-1"]
[WhiteElo "2001"]
[BlackElo "2019"]
[PlyCount "80"]
[EventDate "2012.06.13"]
[EventType "tourn"]
[EventRounds "9"]
[EventCountry "COL"]
[SourceTitle "EXT 2014"]
[Source "ChessBase"]
[SourceDate "2013.11.20"]
[SourceVersion "1"]
[SourceVersionDate "2013.11.20"]
[SourceQuality "1"]

1. d4 d6 2. Nf3 Bg4 3. e4 Nd7 4. h3 Bxf3 5. Qxf3 e5 6. c3 Be7 7. Bc4 Bf6 8. Be3 Ne7 9. g4 h6 10. h4 Ng6 11. Nd2 Qe7 12. h5 Ngf8 13. d5 Nh7 14. Nf1 a6 15. Ng3 Bg5 16. Bb3 Qf6 17. Qe2 Bf4 18. 0-0-0 Ng5 19. Rdf1 0-0 20. Bc2 Rfb8 21. Nf5 b5 22. Kb1 Nb6 23. Bd3 Nd7 24. Qd2 Bxe3 25. fxe3 Qd8 26. Nh4 Nc5 27. Nf3 Qe7 28. Nxg5 hxg5 29. Rh2 Kh7 30. Rhf2 Rf8 31. Rf5 Rab8 32. Bc2 a5 33. R1f2 b4 34. c4 a4 35. b3 axb3 36. axb3 f6 37. Qe1 Rb6 38. Qf1 Ra8 39. Rxf6 Rba6 40. Rh6+ Kxh6 0-1

[Event "COL-ch U18"]
[Site "Yopal"]
[Date "2012.06.16"]
[Round "6"]
[White "Navarro Sabogal, Jhon Fredy"]
[Black "Esquivia Cuadrado, Franklin Javier"]
[Result "0-1"]
[WhiteElo "1664"]
[BlackElo "2001"]
[PlyCount "56"]
[EventDate "2012.06.13"]
[EventType "tourn"]
[EventRounds "9"]
[EventCountry "COL"]
[SourceTitle "EXT 2014"]
[Source "ChessBase"]
[SourceDate "2013.11.20"]
[SourceVersion "1"]
[SourceVersionDate "2013.11.20"]
[SourceQuality "1"]

1. e4 e6 2. d4 d5 3. exd5 exd5 4. Nf3 Bd6 5. Bd3 Ne7 6. Bg5 0-0 7. c3 f6 8. Bh4 Nbc6 9. 0-0 Bf5 10. Qc2 Qd7 11. Nbd2 a6 12. Nb3 b6 13. Bg3 Bxg3 14. hxg3 a5 15. Rae1 Rab8 16. Re2 Bxd3 17. Qxd3 Nf5 18. Rfe1 Nd6 19. Nfd2 g6 20. a3 Qf7 21. Qf3 Rbe8 22. c4 Rxe2 23. Rxe2 a4 24. Qxd5 Qxd5 25. cxd5 Na7 26. Na1 Nab5 27. Nc2 Nf5 28. Nf3 Rd8 0-1

[Event "COL-ch U18"]
[Site "Yopal"]
[Date "2012.06.15"]
[Round "5"]
[White "Esquivia Cuadrado, Franklin Javier"]
[Black "Blandon Villa, Diego F"]
[Result "1/2-1/2"]
[WhiteElo "2001"]
[BlackElo "2170"]
[PlyCount "59"]
[EventDate "2012.06.13"]
[EventType "tourn"]
[EventRounds "9"]
[EventCountry "COL"]
[SourceTitle "EXT 2014"]
[Source "ChessBase"]
[SourceDate "2013.11.20"]
[SourceVersion "1"]
[SourceVersionDate "2013.11.20"]
[SourceQuality "1"]

1. Nf3 c5 2. c4 g6 3. g3 Bg7 4. d4 cxd4 5. Nxd4 Nc6 6. Nc2 d6 7. Bg2 Be6 8. Ne3 Nf6 9. Nc3 0-0 10. 0-0 Rc8 11. Bd2 Qd7 12. Rc1 Bh3 13. b3 Nd4 14. Ned5 Bxg2 15. Kxg2 Nxd5 16. Nxd5 e6 17. Bh6 Nf5 18. Bxg7 Kxg7 19. Nc3 f6 20. Qd3 e5 21. Rcd1 Rcd8 22. Ne4 Qc6 23. Kg1 Rd7 24. Rd2 Nd4 25. Nc3 f5 26. Nd5 Rc8 27. Qe3 b5 28. Rxd4 exd4 29. Qxd4+ Kf7 30. Qf6+ 1/2-1/2

[Event "COL-ch U18"]
[Site "Yopal"]
[Date "2012.06.14"]
[Round "3"]
[White "Esquivia Cuadrado, Franklin Javier"]
[Black "Florez, Luis Angel"]
[Result "1/2-1/2"]
[WhiteElo "2001"]
[BlackElo "1976"]
[PlyCount "42"]
[EventDate "2012.06.13"]
[EventType "tourn"]
[EventRounds "9"]
[EventCountry "COL"]
[SourceTitle "EXT 2014"]
[Source "ChessBase"]
[SourceDate "2013.11.20"]
[SourceVersion "1"]
[SourceVersionDate "2013.11.20"]
[SourceQuality "1"]

1. Nf3 Nf6 2. c4 c6 3. g3 d5 4. cxd5 cxd5 5. Bg2 g6 6. b3 Bg7 7. Bb2 Nc6 8. d3 0-0 9. 0-0 Re8 10. Ne5 Nxe5 11. Bxe5 Be6 12. Nd2 Qd7 13. Nf3 Bh3 14. Rc1 Rac8 15. Qd2 Bxg2 16. Kxg2 Rxc1 17. Rxc1 Rc8 18. Rxc8+ Qxc8 19. Qb4 Qd7 20. a4 a6 21. Qd4 Qc6 1/2-1/2

[Event "COL-ch U18"]
[Site "Yopal"]
[Date "2012.06.14"]
[Round "2"]
[White "Lozada Zuniga, Andres"]
[Black "Esquivia Cuadrado, Franklin Javier"]
[Result "0-1"]
[WhiteElo "1621"]
[BlackElo "2001"]
[PlyCount "84"]
[EventDate "2012.06.13"]
[EventType "tourn"]
[EventRounds "9"]
[EventCountry "COL"]
[SourceTitle "EXT 2014"]
[Source "ChessBase"]
[SourceDate "2013.11.20"]
[SourceVersion "1"]
[SourceVersionDate "2013.11.20"]
[SourceQuality "1"]

1. d4 Nf6 2. Nf3 c5 3. c4 g6 4. d5 b5 5. cxb5 a6 6. b6 d6 7. Nc3 Qxb6 8. Nd2 Nbd7 9. e4 a5 10. Nc4 Qb8 11. Bd3 Bg7 12. Qe2 0-0 13. 0-0 Ba6 14. h3 Nb6 15. Na3 Bxd3 16. Qxd3 Nfd7 17. Be3 Rc8 18. f4 Qb7 19. Rf2 a4 20. Nab5 a3 21. Nxa3 Na4 22. Nc4 Nxc3 23. bxc3 Qa6 24. Rd1 Nb6 25. Nxb6 Qxb6 26. c4 Ra4 27. Rdd2 Qa6 28. Rc2 Ra3 29. Qe2 Qb6 30. Kh2 Rca8 31. Bc1 R3a4 32. e5 Qa6 33. e6 f5 34. g4 Rf8 35. Qd3 Kh8 36. Rg2 Qa5 37. Bd2 Qa6 38. Bc1 Qa5 39. h4 Qe1 40. Qh3 fxg4 41. Qxg4 Rf5 42. Rb2 Qxc1 0-1

[Event "Pan American-ch U18"]
[Site "Cali"]
[Date "2011.07.07"]
[Round "7"]
[White "Esquivia Cuadrado, Franklin Javier"]
[Black "Versosa Bravo, Johann"]
[Result "1-0"]
[WhiteElo "1963"]
[BlackElo "1965"]
[PlyCount "101"]
[EventDate "2011.07.03"]
[EventType "swiss"]
[EventRounds "9"]
[EventCountry "COL"]
[SourceTitle "CBM 143 Extra"]
[Source "ChessBase"]
[SourceDate "2011.08.29"]
[SourceVersion "1"]
[SourceVersionDate "2011.08.29"]
[SourceQuality "1"]

1. d4 Nf6 2. Nc3 g6 3. e4 d6 4. Nf3 Bg7 5. Bc4 0-0 6. h3 c6 7. a4 Qc7 8. 0-0 Nbd7 9. Qe2 e5 10. dxe5 dxe5 11. a5 Nh5 12. g3 Nc5 13. Be3 Qe7 14. Kh2 Nf6 15. Nd2 Rd8 16. Rfd1 Nfd7 17. Nb3 Re8 18. Qf3 Ne6 19. Na4 Bf8 20. c3 Qf6 21. Qxf6 Nxf6 22. f3 Nd7 23. Bxe6 Rxe6 24. Nac5 Nxc5 25. Nxc5 Re8 26. Nd7 Kg7 27. Nxf8 Rxf8 28. Bc5 Re8 29. Bd6 f6 30. Bc5 Kf7 31. Rd2 Be6 32. Rad1 Reb8 33. f4 exf4 34. gxf4 b6 35. Bd6 Rb7 36. Ra1 b5 37. Bc5 Rd7 38. Rad1 Rxd2+ 39. Rxd2 a6 40. Rd6 Rc8 41. Kg3 h5 42. h4 Bg4 43. b4 Be6 44. Kf3 f5 45. e5 Rc7 46. Ke3 Bc8 47. Bb6 Re7 48. Rxc6 Bb7 49. Rf6+ Kg7 50. Bc5 Rc7 51. Rb6 1-0

[Event "Pan American-ch U18"]
[Site "Cali"]
[Date "2011.07.04"]
[Round "2"]
[White "Esquivia Cuadrado, Franklin Javier"]
[Black "Barreto, Gary"]
[Result "1/2-1/2"]
[WhiteElo "1963"]
[BlackElo "1862"]
[PlyCount "46"]
[EventDate "2011.07.03"]
[EventType "swiss"]
[EventRounds "9"]
[EventCountry "COL"]
[SourceTitle "CBM 143 Extra"]
[Source "ChessBase"]
[SourceDate "2011.08.29"]
[SourceVersion "1"]
[SourceVersionDate "2011.08.29"]
[SourceQuality "1"]

1. e4 e6 2. d4 d5 3. Nc3 Nf6 4. Bg5 Be7 5. e5 Nfd7 6. Bxe7 Qxe7 7. f4 a6 8. Nf3 c5 9. Ne2 Nc6 10. c3 0-0 11. Qd2 b5 12. dxc5 Nxc5 13. Ned4 Bb7 14. Nxc6 Bxc6 15. Bd3 Ne4 16. Bxe4 dxe4 17. Nd4 Bd5 18. 0-0 f6 19. a3 Bc4 20. Rf2 f5 21. Rd1 Bd3 22. Qe3 Rac8 23. Qh3 a5 1/2-1/2

[Event "COL-ch U18"]
[Site "Bogota"]
[Date "2011.06.04"]
[Round "9.2"]
[White "Dominguez, Oscar Alberto"]
[Black "Esquivia Cuadrado, Franklin Javier"]
[Result "0-1"]
[WhiteElo "2013"]
[BlackElo "1956"]
[PlyCount "85"]
[EventDate "2011.05.31"]
[EventType "tourn"]
[EventRounds "9"]
[EventCountry "COL"]
[SourceTitle "EXT 2024"]
[Source "ChessBase"]
[SourceDate "2023.10.10"]
[SourceVersion "1"]
[SourceVersionDate "2023.10.10"]
[SourceQuality "1"]

1. e4 e6 2. d4 d5 3. Nc3 Bb4 4. e5 c5 5. a3 Bxc3+ 6. bxc3 Ne7 7. Qg4 cxd4 8. Qxg7 Rg8 9. Qxh7 Qc7 10. Ne2 dxc3 11. f4 Nbc6 12. Qd3 d4 13. Rb1 Nf5 14. h3 Qe7 15. Rg1 b6 16. g4 Nh4 17. Ng3 Bb7 18. Ne4 0-0-0 19. Nd6+ Rxd6 20. exd6 Qxd6 21. Qh7 Qd8 22. Kf2 e5 23. Bd3 Rh8 24. Qxf7 Re8 25. Bf5+ Kb8 26. fxe5 Nxe5 27. Bf4 Nhf3 28. Qd7 Qh4+ 29. Bg3 Qh8 30. Rb5 Ka8 31. Bxe5 Nxe5 32. Qh7 Qf6 33. Re1 Rh8 34. g5 Nd3+ 35. cxd3 Qd8 36. Rbe5 Rxh7 37. Re8 Rh8 38. Rxd8+ Rxd8 39. Bg4 Ba6 40. Bf3+ Kb8 41. Be4 Rf8+ 42. Kg3 Re8 43. Rc1 0-1

[Event "COL-ch U18"]
[Site "Bogota"]
[Date "2011.06.03"]
[Round "7.1"]
[White "Esquivia Cuadrado, Franklin Javier"]
[Black "Camargo, Santiago"]
[Result "1-0"]
[WhiteElo "1956"]
[BlackElo "2039"]
[PlyCount "31"]
[EventDate "2011.05.31"]
[EventType "tourn"]
[EventRounds "9"]
[EventCountry "COL"]
[SourceTitle "EXT 2024"]
[Source "ChessBase"]
[SourceDate "2023.10.10"]
[SourceVersion "1"]
[SourceVersionDate "2023.10.10"]
[SourceQuality "1"]

1. e4 c5 2. Nf3 d6 3. d4 cxd4 4. Nxd4 Nf6 5. Nc3 a6 6. Bg5 e6 7. f4 Nbd7 8. Qf3 Qc7 9. 0-0-0 Be7 10. Bd3 b5 11. Rhe1 b4 12. Nd5 Nxd5 13. exd5 Bxg5 14. dxe6 Ne5 15. exf7+ Qxf7 16. Qxa8 1-0

[Event "COL-ch U18"]
[Site "Bogota"]
[Date "2011.05.31"]
[Round "2.3"]
[White "Nino, Juan Camilo"]
[Black "Esquivia Cuadrado, Franklin Javier"]
[Result "1-0"]
[WhiteElo "2082"]
[BlackElo "1956"]
[PlyCount "111"]
[EventDate "2011.05.31"]
[EventType "tourn"]
[EventRounds "9"]
[EventCountry "COL"]
[SourceTitle "EXT 2024"]
[Source "ChessBase"]
[SourceDate "2023.10.10"]
[SourceVersion "1"]
[SourceVersionDate "2023.10.10"]
[SourceQuality "1"]

1. e4 c5 2. Nc3 a6 3. a4 g6 4. g3 Bg7 5. Bg2 d6 6. d3 Nc6 7. f4 Nd4 8. Nce2 Be6 9. Nxd4 cxd4 10. Nf3 Rc8 11. 0-0 Bg4 12. h3 Bxf3 13. Bxf3 Qc7 14. Rf2 e6 15. f5 Ne7 16. fxe6 fxe6 17. Bg4 Qd7 18. h4 Nc6 19. h5 Ne5 20. h6 Bf8 21. Rf6 Nxg4 22. Qxg4 e5 23. Qxd7+ Kxd7 24. Rf7+ Be7 25. Bg5 Rce8 26. Raf1 Ke6 27. Bxe7 Rxe7 28. R1f6+ Kd7 29. c4 dxc3 30. bxc3 Rc8 31. c4 Rc7 32. Kf2 Kc6 33. Rf8 Kc5 34. Ke3 Red7 35. Rf1 Kb4 36. Rb1+ Kc5 37. a5 Rf7 38. Rg8 Rf6 39. Rb6 Rff7 40. g4 Rfd7 41. Kd2 Rf7 42. Kc3 Rf1 43. Rxb7 Rc1+ 44. Kd2 Rxb7 45. Kxc1 Kd4 46. Kc2 Rf7 47. Rd8 Rf2+ 48. Kb3 Kxd3 49. Rxd6+ Kxe4 50. Rxa6 Rf1 51. Rd6 Rb1+ 52. Kc2 Ra1 53. a6 Ra5 54. Rxg6 Kd4 55. Kb3 Kc5 56. Re6 1-0